000 01071nmm a2200265 4500
005 20260321064057.0
008 200923b2008 ag ||||| |||| 00| 0 spa d
040 _aAR-MoUNM
041 _aspa
082 0 _220
_bSCHL 338
100 1 _95577
_aSchlaen, Carlos.
245 1 0 _aAnchorage al sur
_h[recurso electrónico] /
_cCarlos Schlaen ; ilustración, JImena Tello.
260 _aBuenos Aires :
_bMinisterio de Educación,
_c2008.
300 _a1 recurso en línea (7 p.).
490 0 _a(Colección: "Escritores en escuelas")
500 _a2° ciclo.
505 0 _t“Anchorage al Sur” en el libro digital “Manzi para chicos”. Secretaría de Cultura de la Nación /
_rCarlos Schlaen.
650 7 _aLITERATURA
_zARGENTINA
_2unescot
_91913
650 7 _aCUENTO
_2unescot
_9185
650 7 _aENSEÑANZA PRIMARIA
_2unescot
_9667
653 _aLITERATURA INFANTIL
700 1 _918770
_aTello, Jimena,
_d1972-
_eil.
856 _uhttp://planlectura.educ.ar/wp-content/uploads/2015/12/Anchorage-al-sur-Carlos-Schlaen.pdf
_yAcceda al libro electrónico
942 _cEBOOK
999 _c14484
_d14485